全球母语人口500万人以上的语系 Languages with more than 5M speakers - Statistics

General Stats
  • This quiz has been taken 35 times
  • The average score is 9 of 22
Answer Stats
语系 分布 语言数 现使用人数 % Correct
印欧语系 全球 586 3,237,999,904
93%
汉藏语系 欧亚大陆 514 1,385,995,195
93%
南岛语系 非洲/欧亚/大洋洲 1,274 325,862,510
71%
克拉-傣语系 欧亚大陆 95 81,549,828
61%
大西洋-刚果语系 非洲 1,410 500,000,000
57%
亚非语系 非洲/欧亚 381 499,294,669
57%
蒙古语系 欧亚大陆 16 7,269,480
54%
突厥语系 欧亚大陆 35 179,945,933
50%
南亚语系 欧亚大陆 158 116,323,040
50%
朝鲜语系 欧亚大陆 2 77,269,890
50%
日本语系 欧亚大陆 13 129,240,180
43%
乌拉尔语系 欧亚大陆 49 20,716,457
39%
达罗毗荼语系 欧亚大陆 84 252,807,610
36%
玛雅语系 北美洲 31 6,522,182
25%
苗瑶语系 欧亚大陆 43 9,332,070
21%
克丘亚语系 南美洲 45 7,768,820
18%
撒哈拉语系 非洲 10 10,940,500
14%
尼罗语系 非洲 55 33,306,780
11%
中苏丹语系 非洲 63 9,145,280
7%
曼德语系 非洲 75 27,003,000
4%
图皮亚语系 南美洲 70 5,026,502
4%
北奥莫特语系 非洲 23 7,383,320
0%
No matching quizzes found
Score Distribution
Percent of People with Each Score
Percentile by Number Answered
Your Score History
You have not taken this quiz